000 02323cam a22003494i 4500
001 17743035
003 OSt
005 20151013161340.0
008 130517s2014 njua b 001 0 eng
010 _a 2013013050
020 _a9780471790556 (hardback)
040 _aDLC
_beng
_cDLC
_erda
_dDLC
042 _apcc
050 0 0 _aTK1001
_b.W64 2014
082 0 0 _a621.31
_223
_bWAP
084 _aTEC007000
_2bisacsh
100 1 _aWood, Allen J.,
_eauthor.
_952200
245 1 0 _aPower generation, operation, and control /
_cAllen J. Wood, Bruce F. Wollenberg, Gerald B. Sheblé.
250 _aThird edition.
300 _axxii, 632 pages :
_billustrations ;
_c25 cm.
504 _aIncludes bibliographical references and index.
520 _a"Since publication of the second edition, there have been extensive changes in the algorithms, methods, and assumptions in energy management systems that analyze and control power generation. This edition is updated to acquaint electrical engineering students and professionals with current power generation systems. Algorithms and methods for solving integrated economic, network, and generating system analysis are provided. Also included are the state-of-the-art topics undergoing evolutionary change, including market simulation, multiple market analysis, multiple interchange contract analysis, contract and market bidding, and asset valuation under various portfolio combinations"--
520 _a"Online video course with powerpoint slides for each chapter at www.cusp.umn.edu; site also contains links to important research reports, an entire set of student programs in MATLAB, and sets of power system sample data sets for use in student exercises"--
650 0 _aElectric power systems.
_938113
650 7 _aTECHNOLOGY & ENGINEERING / Electrical.
_2bisacsh
_945938
700 1 _aWollenberg, Bruce F.,
_eauthor.
_952201
700 1 _aSheblé, Gerald B.,
_eauthor.
_952202
776 0 8 _iOnline version:
_aWood, Allen J., author.
_tPower generation, operation, and control.
_bThird edition / Allen J. Wood, Bruce F. Wollenberg, Gerald B. Sheblé.
_dHoboken, New Jersey : Wiley-Interscience, 2013
_z9781118733844
_w(DLC) 2013020576
906 _a7
_bcbc
_corignew
_d1
_eecip
_f20
_gy-gencatlg
942 _2ddc
_cBOOK
999 _c38411
_d272911